Top 15 arsenal players of all time - Statistics

General Stats
  • This quiz has been taken 85 times
  • The average score is 10 of 15
Answer Stats
Hint Answer % Correct
French Henry
100%
Dutch Bergkamp
95%
Chilean Sanchez
83%
German Ozil
79%
French Pires
79%
Spanish Fabregas
74%
English Adams
69%
Dutch Van Persie
69%
French Viera
58%
English Seaman
56%
English Campbell
50%
German Lehmann
50%
English Wright
47%
Swedish Ljunberg
26%
Irish O'leary
26%
No matching quizzes found
Score Distribution
Percent of People with Each Score
Percentile by Number Answered
Your Score History
You have not taken this quiz